| 000 | 01098nam a2200361Ia 4500 | ||
|---|---|---|---|
| 001 | sjds329602 | ||
| 003 | sjds | ||
| 005 | 20200625120015.0 | ||
| 008 | 050826s2005 ag e 000 f spa d | ||
| 010 | _a 2006368260 | ||
| 020 | _a987040104X (pbk.) | ||
| 020 | _a9789870401049 (pbk.) | ||
| 035 | _a(OCoLC)61357596 | ||
| 040 |
_aIQU _beng _cIQU _dDLC _dBAKER _dPL# _dUtOrBLW |
||
| 041 | _aspa | ||
| 049 | _aIFAA | ||
| 099 | _aESPANOL FICTION AMENGUAL | ||
| 100 | 1 |
_aAmengual, Claudia, _d1969- _eauthor. |
|
| 245 | 1 | 0 |
_aDesde las cenizas / _cClaudia Amengual. |
| 250 | _a1a edition. | ||
| 260 |
_aBuenos Aires : _bAlfaguara, _c2005. |
||
| 264 | 1 |
_aBuenos Aires : _bAlfaguara, _c2005. |
|
| 300 |
_a165 pages ; _c23 cm |
||
| 336 |
_atext _btxt _2rdacontent |
||
| 337 |
_aunmediated _bn _2rdamedia |
||
| 338 |
_avolume _bnc _2rdacarrier |
||
| 650 | 0 |
_aMarried women _vFiction. |
|
| 650 | 0 |
_aElectronic mail messages _vFiction. |
|
| 650 | 0 |
_aMan-woman relationships _vFiction. |
|
| 650 | 7 |
_aMujeres casadas _vNovela. _2bidex |
|
| 650 | 7 |
_aRelaciones hombre-mujer _vNovela. _2bidex |
|
| 942 | _cBK | ||
| 999 |
_c24612 _d24612 |
||